1495 1594 1664 1186 1477 1340 1122 1768 1874 1642 1245 1226 1624 1190 1790 1362 1831 1300 1945 1432 1511 1828 1413 1831 1391 1884 1603 1017 1681 1506 1872 1754 1824 1198 1541 1190 1403 1687 1613 1103 1991 1640 1097 1821 1866 1248 1194 1440 1056 1787 1268 1651 1996 1488 1855 1612 1579 1439 1910 1454 1586 1512 1705 1798 1589 1359 1562 1529 1346 1165 1608 1047 1028 1863 1745 1713 1019 1111 1176 1486 1494 1623 1855 1614 1168 1402 1556 1963 1936 1522 1142 1011 1460 1887 1031 1401 1217 1583 1175 BCNSPRNW ULIB Ver.6.0+V

เปลี่ยนเป็นภาษาไทย

Change to English
 แสดงรายละเอียดบรรณานุกรม
  กลับหน้าหลัก

Brief Record : Get Marc (ISO 2709) : E-mail record : QR code < ปิดหน้าต่าง
LEADER : 00000nam 2200000uu 4500
001    13399113096
003     ULIB
008    110926s2552||||th 000 0 tha d
020    9746252755
050 04 PL4158^bน625ห 2552
100 0  นิภาพรรณ ศรีพงษ์
245 10 หลักภาษาไทย /^cนิภาพรรณ ศรีพงษ์
260    นครราชสีมา :^bมหาวิทยาลัยเทคโนโลยีราชมงคลอีสาน นครราชสีมา,^c2552
300    183 หน้า
650    หลักภาษาไทย
945    ^p0^l0^i026596
945    ^p0^l0^i026597
995    ทศพร
999 ^a ทศพร
รายการนี้ยังไม่มีแท็ก
คุณยังไม่ได้ล็อกอิน คุณสามารถมีกิจกรรมร่วมกับเว็บไซต์ได้ แต่ต้องล็อกอินก่อน ::
  ล็อกอิน

รายการสื่อสารสนเทศ

ลำดับที่ ประเภท เลขเรียก/บาร์โค้ด สถานที่ สถานะ
- ไม่พบข้อมูล -

รายการใกล้เคียง
    ผู้แต่ง [นิภาพรรณ ศรีพงษ์]

    หัวเรื่อง [หลักภาษาไทย]

BibComment


ยังไม่เคยถูกคอมเมนท์

คอมเมนท์ทรัพยากรรายการนี้
  คอมเมนท์: หลักภาษาไทย นิภา..


 Copyright 2026. Bcnsprnw @Library